Kenya Population Census 1962 (Record no. 1321)

MARC details
000 -LEADER
fixed length control field 00465nam a22001457a 4500
008 - FIXED-LENGTH DATA ELEMENTS--GENERAL INFORMATION
fixed length control field 230619b xxu||||| |||| 00| 0 eng d
082 ## - DEWEY DECIMAL CLASSIFICATION NUMBER
Classification number 304.67
Item number MOFEP
100 ## - MAIN ENTRY--PERSONAL NAME
Titles and words associated with a name Ministry of Finance and Economic planning
110 ## - MAIN ENTRY--CORPORATE NAME
Subordinate unit Economics and ststistics division
Date of meeting or treaty signing March 1965
245 ## - TITLE STATEMENT
Title Kenya Population Census 1962
Remainder of title Advance Report of Volumes 2
260 ## - PUBLICATION, DISTRIBUTION, ETC. (IMPRINT)
Place of publication, distribution, etc. Kenya
Name of publisher, distributor, etc. Ministry of finance and Economic Planning
300 ## - PHYSICAL DESCRIPTION
Extent 208p
440 ## - SERIES STATEMENT/ADDED ENTRY--TITLE
Volume/sequential designation Volume 2
942 ## - ADDED ENTRY ELEMENTS (KOHA)
Source of classification or shelving scheme Dewey Decimal Classification
Koha item type Books

No items available.

LIBRARY OPENING HOURS

When the Parliament is sitting: 8.00a.m - 7.00p.m or until the house adjourns
Mondays and Fridays and when the House is on Recess:  8.00a.m - 5.00p.m
Closed on Weekends and Public Holidays

Online Public Access Catalog (OPAC)
Website: http://www.parliament.go.ke
Bunge Library: https://libraryir.parliament.go.ke
Contact: library@parliament.go.ke | Tel no: (254-2)2221291 or 2848000 Ext 5043